| 000 | 00594nam a22001817a 4500 | ||
|---|---|---|---|
| 003 | NUST | ||
| 038 | _abaig | ||
| 082 | _a200 | ||
| 100 |
_aAtif Qayyum _984157 |
||
| 110 |
_aSupervised by Dr Muhammad Bilal Malik _984158 |
||
| 245 |
_aFinite Time Estimation,Controland StabilityofContinuous,Discreteand Sampled-data Linear Systems/ _cAtif Qayyum |
||
| 260 |
_aRawalpindi: _bNUST COLLEGE OF EME; _c2020. |
||
| 300 |
_a123,p; _bill; _c30,cm. |
||
| 563 | _ahb | ||
| 650 |
_aPhD-ELECTRICAL ENGINEERING _984162 |
||
| 856 | _uhttp://10.250.8.41:8080/xmlui/handle/123456789/36080 | ||
| 942 |
_cSC _2ddc |
||
| 999 |
_c578564 _d578564 |
||